000 00947nam a22002537a 4500
999 _c64578
_d64578
005 20240530110739.0
008 180904s2005 ua a g b 000 0 ara d
017 _bمصر. دار الكتب
_a2005/15008
020 _a9774080017
040 _aEG-CaGPL
_cEG-CaGPL
082 0 4 _221
_a219.3 \
_bع م
100 0 _aعبدالعظيم المطعنى
245 1 0 _aمبادئ التعايش السلمى فى الاسلام منهجا وسيرة /
_cتأليف عبدالعظيم المطعنى
250 _aط.1
260 _aالقاهرة :
_bدار الفاروق للنشر والتوزيع،
_c2005 .
300 _a88 ص. ؛
_c24 سم.
650 0 7 _aالاسلام
_2qrmak
650 0 7 _aالاسلام والسياسة
_2qrmak
650 0 7 _aالتربية الاسلامية
_2qrmak
650 0 7 _aالثقافة الاسلامية
_2qrmak
651 _2qrmak
942 _2ddc
_cBK